<?xml version="1.0" encoding="UTF-8"?>
<record
    xmlns:xsi="http://www.w3.org/2001/XMLSchema-instance"
    xsi:schemaLocation="http://www.loc.gov/MARC21/slim http://www.loc.gov/standards/marcxml/schema/MARC21slim.xsd"
    xmlns="http://www.loc.gov/MARC21/slim">

  <leader>01403    a2200313   4500</leader>
  <controlfield tag="001">23183</controlfield>
  <controlfield tag="005">20260407155521.0</controlfield>
  <controlfield tag="008">260407a2003    arg                 spa d</controlfield>
  <controlfield tag="003">AR-UNSa-BCEJYS</controlfield>
  <datafield tag="040" ind1=" " ind2=" ">
    <subfield code="a">AR-UNSa-BCEJYS</subfield>
    <subfield code="b">spa</subfield>
    <subfield code="c">AR-UNSa-BCEJYS</subfield>
  </datafield>
  <datafield tag="080" ind1=" " ind2=" ">
    <subfield code="a">330</subfield>
    <subfield code="x">Econom&#xED;a en general</subfield>
  </datafield>
  <datafield tag="245" ind1="1" ind2="0">
    <subfield code="a">Economia</subfield>
  </datafield>
  <datafield tag="020" ind1=" " ind2=" ">
    <subfield code="a">978-987-1112-02-9</subfield>
  </datafield>
  <datafield tag="250" ind1=" " ind2=" ">
    <subfield code="a">15a. ed.</subfield>
  </datafield>
  <datafield tag="264" ind1=" " ind2="1">
    <subfield code="a">M&#xE9;xico :</subfield>
    <subfield code="b">McGraw-Hill</subfield>
    <subfield code="c">2003</subfield>
  </datafield>
  <datafield tag="300" ind1=" " ind2=" ">
    <subfield code="a">xxi, 801 p.</subfield>
    <subfield code="c">23 cm.</subfield>
  </datafield>
  <datafield tag="505" ind1=" " ind2=" ">
    <subfield code="a">Parte I: Conceptos basicos - Parte II: Microeconomia: La oferta, la demanda y los mercados de productos - Parte III: Los mercados de factores: la tierra, el trabajo y la distribuci&#xF3;n de la renta - Parte IV: El papel del estado en la econ&#xF3;mia - Parte V: La Macroeconomia: el estudio del crecimiento y de los ciclos econ&#xF3;micos - Parte VI: El crecimiento econ&#xF3;mico y la politica macroeconomica - Parte VII: El comercio internacional y la econ&#xF3;mia mundial.</subfield>
  </datafield>
  <datafield tag="041" ind1=" " ind2=" ">
    <subfield code="a">spa</subfield>
  </datafield>
  <datafield tag="942" ind1=" " ind2=" ">
    <subfield code="c">BK</subfield>
  </datafield>
  <datafield tag="590" ind1=" " ind2=" ">
    <subfield code="a">niveau_biblio:m niveau_hierar:0</subfield>
  </datafield>
  <datafield tag="100" ind1="1" ind2=" ">
    <subfield code="a">Samuelson, Paul A.</subfield>
  </datafield>
  <datafield tag="700" ind1="1" ind2=" ">
    <subfield code="a">Nordhaus, William D.</subfield>
  </datafield>
  <datafield tag="700" ind1="1" ind2=" ">
    <subfield code="a">Rabasco, Mar&#xED;a Esther</subfield>
  </datafield>
  <datafield tag="700" ind1="1" ind2=" ">
    <subfield code="a">P&#xE9;rez Enrri, Daniel</subfield>
  </datafield>
  <datafield tag="700" ind1="1" ind2=" ">
    <subfield code="a">Toharia Cort&#xE9;s, Luis</subfield>
  </datafield>
  <datafield tag="700" ind1="1" ind2=" ">
    <subfield code="a">Milani, Ana Mar&#xED;a</subfield>
  </datafield>
  <datafield tag="700" ind1="1" ind2=" ">
    <subfield code="a">Natiello, Mar&#xED;a Cecilia</subfield>
  </datafield>
  <datafield tag="856" ind1="4" ind2="1">
    <subfield code="u">https://biblioeco.unsa.edu.ar/pmb/images/libros/Economia (samuelson-nordhaus-perez enrri).jpg</subfield>
    <subfield code="y">Imagen de portada</subfield>
    <subfield code="q">image/jpeg</subfield>
  </datafield>
  <datafield tag="999" ind1=" " ind2=" ">
    <subfield code="c">1096</subfield>
    <subfield code="d">1096</subfield>
  </datafield>
  <datafield tag="952" ind1=" " ind2=" ">
    <subfield code="0">0</subfield>
    <subfield code="1">0</subfield>
    <subfield code="4">0</subfield>
    <subfield code="7">0</subfield>
    <subfield code="a">BCEJYS</subfield>
    <subfield code="b">BCEJYS</subfield>
    <subfield code="c">16</subfield>
    <subfield code="d">2026-04-07</subfield>
    <subfield code="l">0</subfield>
    <subfield code="o">330 S187/2003</subfield>
    <subfield code="p">L86966</subfield>
    <subfield code="r">2026-04-07 15:55:21</subfield>
    <subfield code="w">2026-04-07</subfield>
    <subfield code="y">L</subfield>
    <subfield code="z">L&#xC1;PIZ - UN POCO H&#xDA;MEDO EN CANTO INFERIOR - MANCHADO SOBRE TODO EN P&#xC1;G 61 Y XIII</subfield>
  </datafield>
  <datafield tag="952" ind1=" " ind2=" ">
    <subfield code="0">0</subfield>
    <subfield code="1">0</subfield>
    <subfield code="4">0</subfield>
    <subfield code="7">0</subfield>
    <subfield code="a">BCEJYS</subfield>
    <subfield code="b">BCEJYS</subfield>
    <subfield code="c">16</subfield>
    <subfield code="d">2026-04-07</subfield>
    <subfield code="l">0</subfield>
    <subfield code="o">330 S187/2003</subfield>
    <subfield code="p">L86968</subfield>
    <subfield code="r">2026-04-07 15:55:21</subfield>
    <subfield code="w">2026-04-07</subfield>
    <subfield code="y">L</subfield>
    <subfield code="z">TAPA CON LAPICERA AZUL - 1&#xB0; P&#xC1;GINA CON CORRECTOR - L&#xC1;PIZ - PARTIDO EN P&#xC1;G 770 - CANTO MANCHADO - H&#xDA;MEDO - MANCHADO - TAPA UN POCO DESPEGADA</subfield>
  </datafield>
  <datafield tag="952" ind1=" " ind2=" ">
    <subfield code="0">0</subfield>
    <subfield code="1">0</subfield>
    <subfield code="4">0</subfield>
    <subfield code="7">0</subfield>
    <subfield code="a">BCEJYS</subfield>
    <subfield code="b">BCEJYS</subfield>
    <subfield code="c">16</subfield>
    <subfield code="d">2026-04-07</subfield>
    <subfield code="l">0</subfield>
    <subfield code="o">330 S187/2003</subfield>
    <subfield code="p">L86969</subfield>
    <subfield code="r">2026-04-07 15:55:21</subfield>
    <subfield code="w">2026-04-07</subfield>
    <subfield code="y">L</subfield>
    <subfield code="z">TAPA SEMIDESPEGADA - P&#xC1;G 1 A 11 UN POCO SUELTAS - L&#xC1;PIZ - MANCHADO - H&#xDA;MEDO</subfield>
  </datafield>
  <datafield tag="952" ind1=" " ind2=" ">
    <subfield code="0">0</subfield>
    <subfield code="1">0</subfield>
    <subfield code="4">0</subfield>
    <subfield code="7">0</subfield>
    <subfield code="a">BCEJYS</subfield>
    <subfield code="b">BCEJYS</subfield>
    <subfield code="c">16</subfield>
    <subfield code="d">2026-04-07</subfield>
    <subfield code="l">0</subfield>
    <subfield code="o">330 S187/2003</subfield>
    <subfield code="p">L86967</subfield>
    <subfield code="r">2026-04-07 15:55:21</subfield>
    <subfield code="w">2026-04-07</subfield>
    <subfield code="y">L</subfield>
    <subfield code="z">H&#xDA;MEDO - L&#xC1;PIZ - LAPICERA EN P&#xC1;G 301 - PARTIDO EN P&#xC1;G 770 - MANCHADO (SOBRE TODO EN &#xDA;LTIMAS P&#xC1;GINAS EN LATERAL) - TAPA PEGADA CON CINTA - CANTO MANCHADO</subfield>
  </datafield>
  <datafield tag="952" ind1=" " ind2=" ">
    <subfield code="0">0</subfield>
    <subfield code="1">0</subfield>
    <subfield code="4">0</subfield>
    <subfield code="7">0</subfield>
    <subfield code="a">BCEJYS</subfield>
    <subfield code="b">BCEJYS</subfield>
    <subfield code="c">16</subfield>
    <subfield code="d">2026-04-07</subfield>
    <subfield code="l">0</subfield>
    <subfield code="o">330 S187/2003</subfield>
    <subfield code="p">L86970</subfield>
    <subfield code="r">2026-04-07 15:55:21</subfield>
    <subfield code="w">2026-04-07</subfield>
    <subfield code="y">L</subfield>
    <subfield code="z">LIBRO MUY H&#xDA;MEDO - TAPA SEMIDESPEGADA - PRIMERAS P&#xC1;GINAS PEGADAS CON CINTA DE PAPEL Y CON MANCHAS ROSAS - L&#xC1;PIZ - MANCHADO - P&#xC1;G 689 Y &#xDA;LTIMA ROTAS</subfield>
  </datafield>
</record>
